000 01265nam a2200325 a 4500
001 BRCA_7552
005 20190320205902.0
008 010613s1714----fr-ab##f##---#001-0#fre-#
041 _afre
044 _afr
050 4 _aF1219
_b.C67 1714
100 1 _aCortez, Fernand
_d1485-1547
_99191
245 1 0 _aHistoire de la Conqueste du Mexique, ou de la Nouvelle Espagne
_cpar Fernand Cortez.
250 _a4
260 _aParis
_bCompagnie des Libraires
_c1714
300 _a2 v.
_bil., mapas
_c17 cm.
500 _aTraduite de l´espagnol de Dom Antoine de Solis, par l´auteur du Triumvirat
500 _aVer también B210 (6a. ed. 1759), C119 (6a. ed. 1759 también en Caja Fuerte) y B358 (6a. ed. 1774)
500 _aDos ejemplares (Tomo I y Tomo II) inventariados por el Banco de México como un solo libro
500 _aEjemplares resguardados en Caja Fuerte
500 _aIncluye tabla de materias
500 _aEdición de cantos grabados
500 _aEstado físico: esquinas de las tapas desvastadas y lomos carcomidos
500 _aS108
505 0 _av.1 Prefacio. Capítulo Primero.-- v.2 Tabla de Capítulos
650 1 4 _aConquista de México
_y1519-1540
_918626
651 4 _aMéxico
_xHistoria
_9614
902 _aGFM
942 _2lcc
_cB
999 _c7226
_d7226